KOHA-Header-6

Linear Algebra With Application (Record no. 9086)

000 -LEADER
fixed length control field 00272nam a2200109Ia 4500
100 ## - MAIN ENTRY--AUTHOR NAME
Personal name Bretscher,Otto
245 #0 - TITLE STATEMENT
Title Linear Algebra With Application
260 ## - PUBLICATION, DISTRIBUTION, ETC. (IMPRINT)
Place of publication New Delhi
Name of publisher Bantam Books
Year of publication 2000
300 ## - PHYSICAL DESCRIPTION
Number of Pages 813
942 ## - ADDED ENTRY ELEMENTS (KOHA)
Koha item type Books
Holdings
Withdrawn status Lost status Collection code Permanent Location Current Location Shelving location Date acquired Full call number Accession Number Koha item type
    Mathematics MAJU MAJU Shelf No.A26 2019-09-14 658.848 4417 Mathematics

Powered by Koha